| 000 | 00450nam a2200157Ia 4500 | ||
|---|---|---|---|
| 999 |
_c19588 _d19588 |
||
| 003 | OSt | ||
| 005 | 20200624100630.0 | ||
| 008 | 190216s9999||||xx |||||||||||||| ||und|| | ||
| 040 | _coclc | ||
| 082 |
_a954 _bDCR/I |
||
| 100 |
_aD`Cruz, Edward _93152 |
||
| 245 | 0 |
_aIndia The Quest For Nationhood / _cEdward D`Cruz |
|
| 260 |
_bLalvani Pub House, _c1967. _aBombay: |
||
| 300 | _a206p | ||
| 942 |
_cBK _2ddc _h954 _iDCR/I _k954 _mDCR/I |
||